| 000 | 01003nam a22002777a 4500 | ||
|---|---|---|---|
| 999 |
_c5691 _d5691 |
||
| 003 | AR-CdUCM | ||
| 008 | 190313b ||||| |||| 00| 0 spa d | ||
| 040 |
_aMUNICIPALIDAD PROVINCIAL DEL CUSCO _cBIBLIOTECA MUNICIPAL DEL CUSCO |
||
| 082 |
_a980.04 / _bH673 |
||
| 110 |
_aCuadernos Americanos _916954 |
||
| 245 | _aHispanoamérica en lucha por su independencia / | ||
| 260 |
_aMexico D. F. : _bCuadernos americanos, _c1962. |
||
| 300 |
_a349 páginas _c22 cm. |
||
| 500 | _aDonaciones de la familia Nieto | ||
| 505 | _aContenido: Miguel Hidalgo -- Bernardo Monteagudo -- Simón Bolívar -- Benito Juárez ... | ||
| 650 |
_aHistoria Latino americana _916955 |
||
| 650 |
_aPersonajes latino americanos _916956 |
||
| 700 |
_aHidalgo, Miguel _916957 |
||
| 700 |
_aBolívar, Simón _93093 |
||
| 700 |
_aJuarez, Benito _916958 |
||
| 700 |
_aYrigoyen, Hipolito _916959 |
||
| 700 |
_aCastro Rus, Fidel _916960 |
||
| 710 |
_aSociedad Bolivariana de México _916961 |
||
| 942 |
_2ddc _cLIBROS |
||
| 945 | _acmm | ||